Elementos de filosofía cristiana
Guardat en:
| Autor principal: | |
|---|---|
| Format: | Llibre |
| Idioma: | espanyol |
| Publicat: |
Madrid
Rialp
1981
|
| Edició: | 3a. ed |
| Col·lecció: | Manuales Universitarios, 20
|
| Matèries: | |
| Etiquetes: |
Afegir etiqueta
Sense etiquetes, Sigues el primer a etiquetar aquest registre!
|
MARC
| LEADER | 00000nam a2200000 a 4500 | ||
|---|---|---|---|
| 001 | UCZ2601 | ||
| 003 | CL-VaPUC | ||
| 008 | 951005e19810000SP |||||||||||||||||spa|d | ||
| 082 | 0 | 4 | |a 190 |b GIL |2 21 |
| 100 | |a Gilson, Étienne |e autor |9 349171 | ||
| 245 | 1 | 0 | |a Elementos de filosofía cristiana |
| 250 | |a 3a. ed | ||
| 300 | |a 363 p | ||
| 942 | |c BK | ||
| 945 | |d 19951005 00:00:00 |a cmena | ||
| 260 | |a Madrid |b Rialp |c 1981 | ||
| 650 | 0 | |a Filosofía cristiana |9 265980 | |
| 650 | 0 | |a Escolasticismo |9 264998 | |
| 650 | 0 | |a Teología |9 258766 | |
| 650 | 0 | |a Religión |9 255164 | |
| 650 | 0 | |a Tomismo |9 259214 | |
| 583 | |a last modification |c 19951005 00:00:00 |k Rodrigo Vera | ||
| 490 | 0 | |a Manuales Universitarios, 20 | |
| 999 | |c 239169 |d 239167 | ||
| 952 | |0 0 |1 0 |4 0 |6 190_000000000000000_GIL_1981 |7 0 |8 A |9 250052 |a BIBEDU |b BIBEDU |d 2019-11-18 |i 1568620 |o 190 GIL 1981 |p 1568620 |r 2019-11-18 |w 2019-11-18 |y BK |k FIL | ||